Primate evolution / (Record no. 14590)

000 -LEADER
fixed length control field 00767pam a2200217 a 4500
020 ## - INTERNATIONAL STANDARD BOOK NUMBER
ISBN 0521324505
020 ## - INTERNATIONAL STANDARD BOOK NUMBER
ISBN 0521310113 (pbk.)
040 ## - CATALOGING SOURCE
Transcribing agency DLC
082 00 - DEWEY DECIMAL CLASSIFICATION NUMBER
Classification number 599 CAM 1986 A062 Or.
-- 599.8/0438
110 2# - MAIN ENTRY--CORPORATE NAME
Corporate name or jurisdiction name as entry element International Primatological Society.
245 10 - TITLE STATEMENT
Title Primate evolution /
260 ## - PUBLICATION, DISTRIBUTION, ETC. (IMPRINT)
Place of publication Cambridge [Cambridgeshire] ;
-- New York :
Name of publisher Cambridge University Press,
Year of publication 1986.
300 ## - PHYSICAL DESCRIPTION
Number of Pages xvii, 333 p. :
Other physical details ill. ;
Dimensions 24 cm.
490 1# - SERIES STATEMENT
Series statement Selected proceedings of the Tenth Congress of the International Primatological Society : held in Nairobi, Kenya, in July, 1984 ;
650 #0 - SUBJECT ADDED ENTRY--TOPICAL TERM
Topical Term Primates
650 #0 - SUBJECT ADDED ENTRY--TOPICAL TERM
Topical Term Mammals
700 1# - ADDED ENTRY--PERSONAL NAME
Personal name Else, James G.
700 1# - ADDED ENTRY--PERSONAL NAME
Personal name Lee, Phyllis C.
856 42 - ELECTRONIC LOCATION AND ACCESS
Uniform Resource Identifier http://www.loc.gov/catdir/description/cam032/86008292.html
942 ## - ADDED ENTRY ELEMENTS (KOHA)
Koha item type សៀវភៅភាសាអង់គ្លេស
952 ## - LOCATION AND ITEM INFORMATION (KOHA)
Withdrawn status [LOCAL, KOHA] 0
Holdings
Permanent Location Date acquired Koha item type Lost status Shelving location Barcode Current Location Full call number
Library Block A2017-10-19សៀវភៅភាសាអង់គ្លេស A061A17600Library Block A599 CAM 1986 A061 Or.
មជ្ឈមណ្ឌលឯការនៃសាកលវិទ្យាល័យភូមិន្ទកសិកម្មចំការដូង

Powered by Koha